Phương pháp lựa chọn và loại hủy tài liệu ở các cơ quan
Sách cung cấp kiến thức về nghiệp vụ công tác trong quá trình thu thập, bổ sung, lựa chọn, chỉnh lý và bảo quản tài liệu văn, thư lưu trữ trong các cơ quan nhà nước
Gorde:
| Egile nagusia: | |
|---|---|
| Formatua: | Liburua |
| Hizkuntza: | Undetermined |
| Argitaratua: |
Hà Nội
Chính trị Quốc gia
1998
|
| Gaiak: | |
| Etiketak: |
Etiketa erantsi
Etiketarik gabe, Izan zaitez lehena erregistro honi etiketa jartzen!
|
| Thư viện lưu trữ: | Trung tâm Học liệu Trường Đại học Cần Thơ |
|---|
| LEADER | 00912nam a2200217Ia 4500 | ||
|---|---|---|---|
| 001 | CTU_27869 | ||
| 008 | 210402s9999 xx 000 0 und d | ||
| 020 | |c 12000 | ||
| 082 | |a 025.8 | ||
| 082 | |b Kh104 | ||
| 100 | |a Dương, Văn Khảm | ||
| 245 | 0 | |a Phương pháp lựa chọn và loại hủy tài liệu ở các cơ quan | |
| 245 | 0 | |c Dương Văn Khảm | |
| 260 | |a Hà Nội | ||
| 260 | |b Chính trị Quốc gia | ||
| 260 | |c 1998 | ||
| 520 | |a Sách cung cấp kiến thức về nghiệp vụ công tác trong quá trình thu thập, bổ sung, lựa chọn, chỉnh lý và bảo quản tài liệu văn, thư lưu trữ trong các cơ quan nhà nước | ||
| 650 | |a Manuscripts,Paper | ||
| 650 | |x Conservation and restoration,Preservation | ||
| 904 | |i Minh, 990106 | ||
| 980 | |a Trung tâm Học liệu Trường Đại học Cần Thơ | ||